[Event "GER-ch (Women)"]
[Site "Magdeburg"]
[Date "2023.07.06"]
[Round "2"]
[White "Dohon, Maria Johanna"]
[Black "Petersen, Sophie"]
[Result "1/2-1/2"]
[WhiteElo "1457"]
[BlackElo "1753"]
[PlyCount "48"]
[EventDate "2023.07.05"]
[EventType "swiss"]
[EventRounds "7"]
[EventCountry "GER"]
[SourceTitle "CBM 215 Extra"]
[Source "ChessBase"]
[SourceDate "2023.09.30"]
[SourceVersion "1"]
[SourceVersionDate "2023.09.30"]
[SourceQuality "1"]

1. e4 c5 2. Nf3 d6 3. g3 Nf6 4. d3 g6 5. Bg2 Bg7 6. 0-0 Nc6 7. a4 0-0 8. c3 e5 9. Nbd2 h6 10. Nh4 Nh7 11. Nc4 Ng5 12. Be3 Kh7 13. Qe1 Be6 14. f4 Nh3+ 15. Kh1 g5 16. fxg5 Nxg5 17. Nf5 Bxc4 18. dxc4 Ne7 19. Qd1 Nxf5 20. Rxf5 Ne6 21. Qh5 f6 22. Bh3 Qe8 23. Qe2 Ng5 24. Bg2 Qc6 1/2-1/2

[Event "GER-ch U18 Girls"]
[Site "Willingen"]
[Date "2023.06.02"]
[Round "8"]
[White "Dohon, Maria Johanna"]
[Black "Glowiak, Alexandra"]
[Result "0-1"]
[WhiteElo "1507"]
[BlackElo "1660"]
[PlyCount "84"]
[EventDate "2023.05.27"]
[EventType "swiss"]
[EventRounds "9"]
[EventCountry "GER"]
[SourceTitle "CBM 214 Extra"]
[Source "ChessBase"]
[SourceDate "2023.07.31"]
[SourceVersion "1"]
[SourceVersionDate "2023.07.31"]
[SourceQuality "1"]

1. d4 d5 2. c4 e6 3. Nc3 Nf6 4. Nf3 Be7 5. Bf4 c6 6. e3 0-0 7. Rc1 Nbd7 8. cxd5 exd5 9. Bd3 Re8 10. 0-0 Nf8 11. h3 Bd6 12. Bxd6 Qxd6 13. Ne5 N6d7 14. f4 f6 15. Nxd7 Bxd7 16. Qf3 Re7 17. Rfe1 Ne6 18. Re2 Rae8 19. Rce1 b6 20. Bb1 Bc8 21. Bd3 Bb7 22. Qf2 a6 23. g4 c5 24. dxc5 bxc5 25. Rd1 d4 26. Ne4 Qd5 27. b3 Kh8 28. Qh4 Nf8 29. Rde1 Rxe4 30. Bxe4 Qxe4 31. Qg3 d3 32. Rd2 Ng6 33. Red1 Rd8 34. Kf2 c4 35. bxc4 Qxc4 36. h4 Be4 37. Rb1 Ne7 38. f5 Rg8 39. Qd6 Qc3 40. Ke1 Nd5 41. Rb8 Qc1+ 42. Rd1 Qxe3+ 0-1

[Event "Lugano Special Edition op 19th"]
[Site "Lugano"]
[Date "2021.03.14"]
[Round "4"]
[White "Dohon, Maria Johanna"]
[Black "Tahedl, Milo"]
[Result "0-1"]
[WhiteElo "1538"]
[BlackElo "1421"]
[PlyCount "114"]
[EventDate "2021.03.12"]
[EventType "swiss"]
[EventRounds "5"]
[EventCountry "SUI"]
[SourceTitle "CBM 201 Extra"]
[Source "ChessBase"]
[SourceDate "2021.05.31"]
[SourceVersion "1"]
[SourceVersionDate "2021.05.31"]
[SourceQuality "1"]

1. e4 c5 2. Nf3 d6 3. d4 cxd4 4. Nxd4 Nf6 5. Nc3 g6 6. Be2 Bg7 7. Be3 Nc6 8. Nb3 Be6 9. 0-0 0-0 10. f4 Bd7 11. g4 Qc8 12. g5 Ne8 13. Bf3 Bh3 14. Rf2 a6 15. Qc1 a5 16. Nd5 Rb8 17. c4 e6 18. Nc3 Ra8 19. Nb5 a4 20. N3d4 Qd7 21. Rd2 Qe7 22. Bg2 Bxg2 23. Kxg2 e5 24. fxe5 dxe5 25. Nf3 f5 26. Nc3 Nd4 27. Nd5 Qd8 28. Nxe5 Bxe5 29. Bxd4 Qxg5+ 30. Kh1 fxe4 31. Rd1 Qh5 32. Bxe5 Qxe5 33. Rf1 Nd6 34. Ne3 Nf5 35. Ng4 Qe6 36. Qc3 Rad8 37. Rad1 Rxd1 38. Rxd1 Qc6 39. Ne5 Qe6 40. c5 Ne3 41. Re1 Qf6 42. Qxe3 Qxe5 43. Kg1 Re8 44. b3 axb3 45. axb3 Rc8 46. b4 Re8 47. Qb3+ Kg7 48. Rd1 Qg5+ 49. Kh1 Qf5 50. Qc3+ Kg8 51. Qc4+ Qf7 52. Qxf7+ Kxf7 53. Rd7+ Re7 54. Rxe7+ Kxe7 55. Kg1 Ke6 56. Kf2 Kd5 57. Ke3 g5 0-1

[Event "Lugano Special Edition op 19th"]
[Site "Lugano"]
[Date "2021.03.12"]
[Round "1"]
[White "Mattenberger, Matthias"]
[Black "Dohon, Maria Johanna"]
[Result "1-0"]
[WhiteElo "1902"]
[BlackElo "1538"]
[PlyCount "51"]
[EventDate "2021.03.12"]
[EventType "swiss"]
[EventRounds "5"]
[EventCountry "SUI"]
[SourceTitle "CBM 201 Extra"]
[Source "ChessBase"]
[SourceDate "2021.05.31"]
[SourceVersion "1"]
[SourceVersionDate "2021.05.31"]
[SourceQuality "1"]

1. d4 Nf6 2. c4 e6 3. Nc3 Bb4 4. e3 c5 5. Nge2 0-0 6. a3 Bxc3+ 7. Nxc3 b6 8. d5 d6 9. e4 e5 10. Be2 Nbd7 11. Bg5 h6 12. Be3 Re8 13. g4 Nh7 14. h4 Ndf8 15. Qd2 Bd7 16. f3 a6 17. a4 Rb8 18. Bd3 Ng6 19. h5 Ngf8 20. 0-0-0 Qe7 21. Rhg1 f6 22. Qh2 Rec8 23. f4 b5 24. g5 exf4 25. gxh6 g5 26. hxg6 1-0

[Event "GER-ch U16 Girls"]
[Site "Willingen"]
[Date "2020.10.22"]
[Round "4"]
[White "Dohon, Maria Johanna"]
[Black "Schwegler, Jelena"]
[Result "1/2-1/2"]
[WhiteElo "1536"]
[BlackElo "1539"]
[PlyCount "86"]
[EventDate "2020.10.19"]
[EventType "swiss"]
[EventRounds "7"]
[EventCountry "GER"]
[SourceTitle "EXT 2022"]
[Source "ChessBase"]
[SourceDate "2021.10.06"]
[SourceVersion "1"]
[SourceVersionDate "2021.10.06"]
[SourceQuality "1"]

1. d4 Nf6 2. Nf3 g6 3. g3 Bg7 4. Bg2 0-0 5. 0-0 d6 6. c4 c5 7. d5 Nbd7 8. Nc3 Ng4 9. Qc2 Nde5 10. Nd2 a6 11. h3 Nf6 12. a4 b6 13. e4 Bb7 14. f4 Ned7 15. Nf3 Qc7 16. Be3 e6 17. Bf2 exd5 18. cxd5 Rfe8 19. Rfe1 Kh8 20. Rad1 Re7 21. Re2 Rae8 22. Nh2 Qb8 23. Bf3 Ba8 24. Be1 b5 25. axb5 axb5 26. Ra1 b4 27. Nd1 Nb6 28. Ra6 Ra7 29. Rxa7 Qxa7 30. b3 Nbd7 31. Nf2 Bb7 32. Qa2 Qb6 33. Qb1 Ra8 34. Ra2 Rxa2 35. Qxa2 Qa6 36. Qxa6 Bxa6 37. Bd1 Ne8 38. Bc2 Nc7 39. Nfg4 h5 40. Ne3 Bd4 41. Kf2 Kg7 42. Bd2 f6 43. Nf3 Nb5 1/2-1/2

[Event "Wohlen op 1st"]
[Site "Wohlen"]
[Date "2020.08.22"]
[Round "2"]
[White "Dohon, Maria Johanna"]
[Black "Range, Andreas"]
[Result "0-1"]
[WhiteElo "1193"]
[BlackElo "1867"]
[PlyCount "104"]
[EventDate "2020.08.21"]
[EventType "swiss"]
[EventRounds "5"]
[EventCountry "SUI"]
[SourceTitle "CBM 198 Extra"]
[Source "ChessBase"]
[SourceDate "2020.11.30"]
[SourceVersion "1"]
[SourceVersionDate "2020.11.30"]
[SourceQuality "1"]

1. d4 Nf6 2. c4 e6 3. Nf3 b6 4. g3 Bb7 5. Bg2 d5 6. 0-0 Be7 7. Nbd2 dxc4 8. Nxc4 0-0 9. b3 Nbd7 10. Bb2 Rc8 11. Nfe5 Bxg2 12. Kxg2 c5 13. Nxd7 Qxd7 14. dxc5 Qb7+ 15. Kg1 Rxc5 16. Qd3 Rd8 17. Qf3 Qxf3 18. exf3 b5 19. Ne3 Nd5 20. Ba3 Rc7 21. Bxe7 Rxe7 22. Rfd1 Red7 23. Nxd5 exd5 24. Kf1 Kf8 25. Rac1 Rd6 26. Rc5 a6 27. Rd4 Ke7 28. f4 f5 29. f3 h5 30. Kf2 Ke6 31. h3 Rb6 32. Rc7 g6 33. Rc2 Kd6 34. b4 Rc6 35. Rxc6+ Kxc6 36. a3 Kd6 37. Ke3 Rc8 38. Rd3 Rc1 39. Kf2 Rc2+ 40. Kf1 Rc4 41. Ke2 Rc2+ 42. Kf1 Rc4 43. Ke2 d4 44. Kd2 Kd5 45. Ke2 Rc2+ 46. Kf1 Rc3 47. Ke2 Kc4 48. Rd2 Rxa3 49. Rd1 Ra2+ 50. Kf1 Kc3 51. Rc1+ Rc2 52. Rd1 d3 0-1